000 00827nas a2200277 4500
001 BR9903179
003 BR-BrBNA
005 20231205101453.0
007 ta
008 230509b bl.|||p| |||| 00| 00por d
040 _aBR-BrBNA
_bpor
_cBiblioteca Nacional de Agricultura
041 _a(Pt)
072 _aH20
100 1 _aBoneti, J.I.S.
100 1 _aKatsurayama, Y.
245 1 _aControle quimico da sarna da macieira, em condicoes de periodos de molhamento foliar prolongados
650 _aMaca
650 _aSarna
650 _aFungicida
650 _aControle Quimico
650 _aCondicao Ambiental
650 _aPulverizacao
773 0 _tFitopatologia Brasileira (Brazil)
_xISSN 0100-4158
_g(Mar 1999), v. 24(1) p. 31-37
_wBR9903179
909 _a202311
_bLúcia
_c55
_dLúcia Elande
942 _2AGRIS
_n0
_cANA
999 _c162051
_d162051